LIBRARY & INFORMATION CENTRE, KCAET, TAVANUR

ONLINE PUBLIC ACCESS CATALOGUE (OPAC)

Plays and players / (Record no. 3743)

MARC details
000 -LEADER
fixed length control field 00385cam a2200157ua 4500
041 ## - LANGUAGE CODE
Language code of text/sound track or separate title eng
082 ## - DEWEY DECIMAL CLASSIFICATION NUMBER
Classification number 828.09
Item number SHA/PL
100 ## - MAIN ENTRY--AUTHOR NAME
Personal name Shaw, Bernard .
245 ## - TITLE STATEMENT
Title Plays and players /
260 ## - PUBLICATION, DISTRIBUTION, ETC. (IMPRINT)
Place of publication London :
Name of publisher Oxford University Press ,
Year of publication 1963.
300 ## - PHYSICAL DESCRIPTION
Number of Pages 350 ; .
942 ## - ADDED ENTRY ELEMENTS (KOHA)
Koha item type Books
Holdings
Withdrawn status Lost status Damaged status Home library Current library Date acquired Full call number Accession Number Koha item type Public note Cost, normal purchase price
Withdrawn     KAUAET Sanskrit University 07/04/2012 828.09 6504 Books Transferred to Sanskrit University  
Withdrawn     KAUAET Sanskrit University 07/04/2012 828.09 6633 Books Transferred to Sanskrit University 7.60
free website counter